| 000 | 01383nam a2200361 i 4500 | ||
|---|---|---|---|
| 005 | 20220317002038.0 | ||
| 007 | ta | ||
| 008 | 201113s2019 ck a br 000 fdspa d | ||
| 020 | _a9789580014911 | ||
| 040 |
_aCO-BoRNBP _bspa _erda _cCO-BoRNBP |
||
| 041 | 0 | _aspa | |
| 084 | _aC STE2 | ||
| 100 | 1 |
_aStevenson, Robert Louis _d1850-1894 _eautor |
|
| 245 | 1 | 3 |
_aEl diablo de la botella _cRobert Louis Stevenson ; traducción Eleonora García Larralde ; ilustraciones de Cristhian Contreras |
| 250 | _aSegunda edición | ||
| 264 |
_aBogotá _bEducactiva _bNorma _c2000 |
||
| 300 |
_a60 páginas _bilustraciones _c20 cm |
||
| 336 |
_atexto _btxt _2rdacontent |
||
| 337 |
_asin mediación _bn _2rdamedia |
||
| 338 |
_avolumen _bnc _2rdacarrier |
||
| 490 | 0 |
_aTorre Amarilla _pCuento |
|
| 521 | _aRecomendado para un público infantil mayor de 9 años | ||
| 545 | _aIncluye datos biográficos del autor en la contra carátula | ||
| 650 | 1 | 7 |
_2LEMB _aCuentos infantiles escoceses _ySiglo XIX |
| 650 | 1 | 7 |
_2LEMB _aLiteratura infantil escocesa _ySiglo XIX |
| 650 | 1 | 7 |
_2LEMB _aAutores escoceses _ySiglo XIX |
| 650 | 1 | 7 |
_2LEMB _aHistorias de aventuras |
| 650 | 1 | 7 |
_2LEMB _aLo fantástico _vCuentos |
| 650 | 1 | 7 |
_2LEMB _aPersonajes fantásticos _vCuentos |
| 700 | 1 |
_aGarcía Larralde, Eleonora _etraductora _99747 |
|
| 700 | 1 |
_aContreras, Cristhian _eilustrador _9158884 |
|
| 942 |
_2loc _cBKLIT |
||
| 999 |
_c9004 _d9004 |
||